| Tag |
First Indicator |
Second Indicator |
Subfields |
| LEADER |
00000cam a2200000 i 4500 |
| 001 |
in00000031806 |
| 005 |
20241023124942.0 |
| 008 |
940817t19171917nyuacf 000 0 eng |
| 010 |
|
|
|a 17013964
|
| 019 |
|
|
|a 5695857
|a 27304143
|a 32380783
|a 976005802
|a 1038113460
|a 1150863053
|a 1157035965
|a 1157940804
|a 1176045423
|a 1300456735
|a 1342316181
|
| 029 |
1 |
|
|a AU@
|b 000011094765
|
| 029 |
1 |
|
|a HEBIS
|b 092744303
|
| 029 |
1 |
|
|a HEBIS
|b 10379252X
|
| 035 |
|
|
|a (OCoLC)ocm01083855
|
| 035 |
|
|
|a (OCoLC)1083855
|z (OCoLC)5695857
|z (OCoLC)27304143
|z (OCoLC)32380783
|z (OCoLC)976005802
|z (OCoLC)1038113460
|z (OCoLC)1150863053
|z (OCoLC)1157035965
|z (OCoLC)1157940804
|z (OCoLC)1176045423
|z (OCoLC)1300456735
|z (OCoLC)1342316181
|
| 035 |
|
|
|a (OCoLC)ocm01083855
|
| 040 |
|
|
|a DLC
|b eng
|c DLC
|d WGT
|d SBM
|d OCLCQ
|d OCLCG
|d OCLCQ
|d AUW
|d KRTAS
|d YYP
|d OCLCO
|d OCLCF
|d OCLCQ
|d CGAVW
|d OCLCA
|d ALMSI
|d GILDS
|d XFF
|d TYC
|d CSJ
|d CSA
|d VTU
|d NCK
|d NIU
|d HLS
|d OCLCQ
|d UAB
|d GZM
|d IOG
|d CHE
|d BRL
|d HCO
|d OCLCA
|d WCM
|d PAU
|d CPS
|d OCLCQ
|d YOU
|d OCLCQ
|d DKC
|d CSE
|d FDU
|d VXO
|d IBR
|d TJC
|d UMK
|d BUF
|d ITCSA
|d DLC
|d VI#
|d CKM
|d OCLCO
|d PUL
|d OCL
|d OCLCO
|d OCLCL
|d OCLCQ
|
| 050 |
0 |
0 |
|a PS1322
|b .W5 1917
|
| 051 |
|
|
|a PS1322
|b .W5 1917 Copy 2.
|
| 051 |
|
|
|a PS1322
|b .W5 1917 Copy 4.
|
| 060 |
|
4 |
|a 817.4 T969w
|
| 082 |
0 |
4 |
|a 817.4
|b C625WH
|2 23
|
| 100 |
1 |
|
|a Twain, Mark,
|d 1835-1910,
|e author.
|1 https://id.oclc.org/worldcat/entity/E39PBJqqvmHvVjHK8C9Fr33fbd
|
| 245 |
1 |
0 |
|a What is man? :
|b and other essays /
|c by Mark Twain.
|
| 264 |
|
1 |
|a New York :
|b Harper & Brothers Publishers,
|c [1917]
|
| 264 |
|
4 |
|c ©1917
|
| 300 |
|
|
|a 375 pages, 1 unnumbered leaf of plates :
|b illustrations, portrait ;
|c 21 cm
|
| 336 |
|
|
|a text
|b txt
|2 rdacontent
|
| 337 |
|
|
|a unmediated
|b n
|2 rdamedia
|
| 338 |
|
|
|a volume
|b nc
|2 rdacarrier
|
| 490 |
1 |
|
|a The Complete works of Mark Twain
|
| 500 |
|
|
|a Issued simultaneously in red cloth and red limp leather, with slight variations. Cf. BAL.
|
| 510 |
4 |
|
|a BAL,
|c 3524
|
| 505 |
0 |
0 |
|t What is man? -- The death of Jean -- The turning-point of my life -- How to make history dates stick -- The memorable assassination -- A scrap of curious history -- Switzerland, the cradle of liberty -- At the Shrine of St. Wagner -- William Dean Howells -- English as she is taught -- A simplified alphabet -- As concerns interpreting the Deity -- Concerning tobacco -- The bee -- Taming the bicycle -- Is Shakespeare dead?
|
| 530 |
|
|
|a Also issued online.
|
| 520 |
|
|
|a Issued simultaneously in red cloth and red limp leather, with slight variations. Cf. BAL.
|
| 583 |
1 |
|
|a committed to retain
|c 20170930
|d 20421231
|f HathiTrust
|u https://www.hathitrust.org/shared_print_program
|5 AEU
|z HathiTrust Shared Print commitment 2017
|
| 650 |
|
0 |
|a Philosophy of mind.
|
| 650 |
|
0 |
|a Philosophical anthropology.
|
| 650 |
|
0 |
|a Mind and body.
|
| 650 |
|
6 |
|a Philosophie de l'esprit.
|
| 650 |
|
6 |
|a Anthropologie philosophique.
|
| 650 |
|
7 |
|a philosophical anthropology.
|2 aat
|
| 650 |
|
7 |
|a Mind and body
|2 fast
|
| 650 |
|
7 |
|a Philosophical anthropology
|2 fast
|
| 650 |
|
7 |
|a Philosophy of mind
|2 fast
|
| 655 |
|
2 |
|a Fictional Work
|
| 655 |
|
7 |
|a Fiction
|2 fast
|
| 655 |
|
7 |
|a Fiction.
|2 lcgft
|
| 655 |
|
7 |
|a Romans.
|2 rvmgf
|
| 710 |
2 |
|
|a Roy J. Friedman Mark Twain Collection (Library of Congress)
|5 DLC
|
| 776 |
0 |
8 |
|i Online version:
|a Twain, Mark, 1835-1910.
|t What is man?
|d New York : Harper & Bros., 1917
|w (OCoLC)569582621
|
| 800 |
1 |
|
|a Twain, Mark,
|d 1835-1910.
|t Works.
|
| 856 |
4 |
1 |
|u http://www.archive.org/details/whatismanothere00twaiuoft
|t 0
|
| 938 |
|
|
|a Kirtas Technologies, Inc.
|b KRTS
|n 268777
|
| 948 |
|
|
|h HELD BY TXA - 422 OTHER HOLDINGS
|
| 994 |
|
|
|a Z0
|b TXA
|
| 999 |
f |
f |
|s adffa281-fe0e-39af-bddb-7e491979ec6f
|i ab7ea1a7-cb32-351a-ba93-3b822491595c
|t 0
|
| 952 |
f |
f |
|p ric
|a Texas A&M University
|b Rellis Campus
|c Joint Library Facility
|s JLF
|d Remote Storage
|t 0
|e PS1322. .W5 1917
|h Library of Congress classification
|i unmediated -- volume
|m A14801257665
|
| 998 |
f |
f |
|a PS1322. .W5 1917
|t 0
|l Remote Storage
|